| 000 | 00835nam a2200265 a 4500 | ||
|---|---|---|---|
| 001 | 73615 | ||
| 003 | BD-RjUL | ||
| 005 | 20211209082423.0 | ||
| 008 | 170604m19531934enkaf b 001 0 eng d | ||
| 035 | _a(BD-RjUL)73833 | ||
| 040 |
_aCUV _cCUV _dMYG _dBD-RjUL _beng |
||
| 041 | _aeng | ||
| 082 |
_223 _a621.43 _bPYI 1953 |
||
| 100 | 1 |
_aPye, D. R. _q(David Randall), _d1886-1960. _9217867 |
|
| 245 | 1 | 4 |
_aThe internal combustion engine / _cD.R. Pye. |
| 260 |
_aOxford : _bOxford Univ. Press, _c1934-1953 |
||
| 300 |
_av. : _bill. ; _c24 cm. |
||
| 490 | 1 | _aThe Oxford engineering science series | |
| 505 | 0 | _av. 2-- | |
| 650 | 0 |
_aInternal combustion engines. _9217868 |
|
| 650 | 0 |
_aAirplanes _xMotors. _9217869 |
|
| 700 | 1 |
_aFarren, William Scott _d1892- _9217870 |
|
| 830 | 0 |
_aOxford engineering science series. _9217888 |
|
| 942 |
_2ddc _cBK |
||
| 999 |
_c73615 _d73615 |
||